<?xml version="1.0" encoding="UTF-8"?>
<record
    xmlns:xsi="http://www.w3.org/2001/XMLSchema-instance"
    xsi:schemaLocation="http://www.loc.gov/MARC21/slim http://www.loc.gov/standards/marcxml/schema/MARC21slim.xsd"
    xmlns="http://www.loc.gov/MARC21/slim">

  <leader>00671nam a22001577a 4500</leader>
  <controlfield tag="005">20250811104323.0</controlfield>
  <controlfield tag="008">250811b        |||||||| |||| 00| 0 eng d</controlfield>
  <datafield tag="050" ind1=" " ind2=" ">
    <subfield code="a">THE JF 1525 .C58 O85 2019</subfield>
    <subfield code="b">C.1</subfield>
  </datafield>
  <datafield tag="100" ind1=" " ind2=" ">
    <subfield code="a">Otieno, Collins Opondo</subfield>
  </datafield>
  <datafield tag="245" ind1=" " ind2=" ">
    <subfield code="a">Towards a Social Media Strategy for Effective Government Communication: A Case of Migori County Government, Kenya</subfield>
  </datafield>
  <datafield tag="260" ind1=" " ind2=" ">
    <subfield code="a">Kisii</subfield>
    <subfield code="b">Kisii University</subfield>
    <subfield code="c">2019</subfield>
  </datafield>
  <datafield tag="300" ind1=" " ind2=" ">
    <subfield code="a">xvi, 119p.:ill.</subfield>
  </datafield>
  <datafield tag="500" ind1=" " ind2=" ">
    <subfield code="a">Includes bibliographical references</subfield>
  </datafield>
  <datafield tag="650" ind1=" " ind2=" ">
    <subfield code="a">1. Social media - Government use - Kenya. 2. Government communication systems - Kenya - Evaluation. 3. Local government - Kenya - Migori County.</subfield>
  </datafield>
  <datafield tag="942" ind1=" " ind2=" ">
    <subfield code="2">lcc</subfield>
    <subfield code="c">REF</subfield>
  </datafield>
  <datafield tag="999" ind1=" " ind2=" ">
    <subfield code="c">216006</subfield>
    <subfield code="d">216006</subfield>
  </datafield>
  <datafield tag="952" ind1=" " ind2=" ">
    <subfield code="0">0</subfield>
    <subfield code="1">0</subfield>
    <subfield code="2">lcc</subfield>
    <subfield code="4">0</subfield>
    <subfield code="6">THE J F1525 C58  O00085 02019</subfield>
    <subfield code="7">0</subfield>
    <subfield code="8">SC</subfield>
    <subfield code="9">372798</subfield>
    <subfield code="a">KSUL</subfield>
    <subfield code="b">KSUL</subfield>
    <subfield code="d">2025-08-11</subfield>
    <subfield code="i">109420</subfield>
    <subfield code="l">0</subfield>
    <subfield code="o">THE JF 1525 .C58 O85 2019</subfield>
    <subfield code="p">000000024320</subfield>
    <subfield code="r">2025-08-11 10:44:44</subfield>
    <subfield code="t">C.1</subfield>
    <subfield code="w">2025-08-11</subfield>
    <subfield code="y">REF</subfield>
  </datafield>
  <datafield tag="952" ind1=" " ind2=" ">
    <subfield code="0">0</subfield>
    <subfield code="1">0</subfield>
    <subfield code="2">lcc</subfield>
    <subfield code="4">0</subfield>
    <subfield code="6">THE J S344 O85  02019</subfield>
    <subfield code="7">0</subfield>
    <subfield code="8">ARTS</subfield>
    <subfield code="9">372904</subfield>
    <subfield code="a">KSUL</subfield>
    <subfield code="b">KSUL</subfield>
    <subfield code="c">DISPLAY</subfield>
    <subfield code="d">2025-08-29</subfield>
    <subfield code="i">108043</subfield>
    <subfield code="l">0</subfield>
    <subfield code="o">THE JS 344 .O85 2019</subfield>
    <subfield code="p">000000024466</subfield>
    <subfield code="r">2025-08-29 10:20:38</subfield>
    <subfield code="t">C.2</subfield>
    <subfield code="w">2025-08-29</subfield>
    <subfield code="y">REF</subfield>
  </datafield>
</record>
